MLB 4 Homerun Games - Statistics

General Stats
  • This quiz has been taken 18 times
  • The average score is 3 of 8
Answer Stats
Team Date Player % Correct
D-Backs Sept. 4, 2017 J.D. Martinez
60%
Rangers May 8, 2012 Josh Hamilton
60%
Blue Jays Sept. 25, 2003 Carlos Delgado
53%
Mariners May 2, 2002 Mike Cameron
40%
Reds June 6, 2017 Scooter Gennett
40%
Dodgers May 23, 2002 Shawn Green
40%
Cardinals Sept. 7, 1993 Mark Whiten
27%
Braves July 6, 1986 Bob Warner
0%
No matching quizzes found
Score Distribution
Percent of People with Each Score
Percentile by Number Answered
Your Score History
You have not taken this quiz